000 00639nam a22002537a 4500
003 UA-OsUOA
001 23964
007 ta
008 20040203b un ||||| |||| 00| 0 ukr d
100 _aТрошихин В.В,
090 _a323(075.8)
_bТ766
942 _cBK
040 _aUA-OsUOA
_brus
_cUA-OsUOA
_dUA-OsUOA
245 _aКультура политического процесса
_bУчебное пособие
300 _a224 с.
955 _a0
041 _arus
080 _a323(075.8)
020 _a5-93804-017-1
260 _aМосква
_bРДЛ
_c2001
044 _aRU
650 7 _2UDC
999 _c310226
_d310226